| 000 | 00634cab a2200253 4500 | ||
|---|---|---|---|
| 001 | ABS60529 | ||
| 008 | 090401t1999 xxu||||| |||| 00| 0 eng d | ||
| 035 | _a(Sirsi) u92818 | ||
| 041 | _aeng | ||
| 100 | _aEdwards, A. | ||
| 245 | _aChanging the rules of the litigation game | ||
| 260 | _c1999 | ||
| 350 | _a0 | ||
| 490 |
_aProperty Week _v64 (14) 9 April 1999, 30(1) |
||
| 650 | _aCIVIL JUSTICE REFORM | ||
| 650 | _aDISCLOSURE OF DOCUMENTS | ||
| 650 | _aEXPERT EVIDENCE | ||
| 650 | _aEXPERT WITNESSES | ||
| 650 | _aOFFERS TO SETTLE | ||
| 650 | _aWOOLF REFORMS | ||
| 690 | _aLAW | ||
| 942 | _n0 | ||
| 948 | _c19/04/1999 | ||
| 999 |
_c58828 _d58828 |
||